| 000 | 00954nas a2200289 4500 | ||
|---|---|---|---|
| 001 | BR2018002322 | ||
| 003 | BR-BrBNA | ||
| 005 | 20231205131451.0 | ||
| 007 | ta | ||
| 008 | 230509b bl.|||p| |||| 00| 00por d | ||
| 040 |
_aBR-BrBNA _bpor _cBiblioteca Nacional de Agricultura |
||
| 041 | _a(En) | ||
| 072 | _aP36; U10 | ||
| 100 | 1 | _aSantos, M.A. do N. dos | |
| 100 | 1 | _aBertol, I. | |
| 100 | 1 | _aKaufmann, D.S. | |
| 100 | 1 | _aMecabô Júnior, J. | |
| 100 | 1 | _aBagio, B. | |
| 245 | 1 | _aRusle parameters for modeling the loss of a soil subjected to pig slurry application | |
| 650 | _aEROSÃO HÍDRICA | ||
| 650 | _aCHUVA ARTIFICIAL | ||
| 650 | _aMODELO MATEMÁTICO | ||
| 773 | 0 |
_tPesquisa Agropecuária Brasileira (Brazil) _xISSN 1678-3921 _g(Oct 2018), v. 53(10) p. 1158-1166 _wBR2018002322 |
|
| 856 | 4 | 0 | _uhttp://seer.sct.embrapa.br/index.php/pab/article/view/26192/14305 |
| 909 |
_a202311 _bLúcia _c55 _dLúcia Elande |
||
| 942 |
_2AGRIS _n0 _cANA |
||
| 999 |
_c254987 _d254987 |
||